000 00496nam a2200181Ia 4500
001 22356
005 20260414150826.0
008 260414t2005||||xx |||||||||||||| ||spa||
041 _aESP
082 _a621.38
_bA17 2005
100 _aAcademia de Networking de Cisco Systems
_eAUT
245 0 _aFundamentos de seguridad de redes :
_bespecialista en Firewall Cisco
260 _c2005
300 _axxix, 804 páginas :
_c24 cm.
650 _aTCA
654 _aCET
942 _cLIB
_dJUS
_fJUS
_2ddc
_n
999 _c22356
_d22356